| 000 | 00684nam a2200205 4500 | ||
|---|---|---|---|
| 001 | 143057 | ||
| 003 | ES-MaACL | ||
| 005 | 20230906200716.0 | ||
| 007 | t| | ||
| 008 | 070214s1967 sp r ||||1| spa d | ||
| 245 | 0 | 0 |
_aSelecciones actuales de predicación homilética / _ctraducido del inglés por Angel Sènz-Badillos, S. J., y Natalio Fernández Marcos, S. J. |
| 260 |
_aSantander : _bSal Terrae, _c1967. |
||
| 300 |
_a406 p. ; _c22 cm. |
||
| 490 | 1 |
_aCristo Hoy ; _v4 |
|
| 700 | 1 |
_aSáenz-Badillos, Angel. _9178832 |
|
| 700 | 1 |
_aFernández Marcos, Natalio. _949891 |
|
| 830 | 0 |
_aCristo Hoy ; _v4 _9176472 |
|
| 852 |
_aES-MaACL _jE-4984 _bR.65751 |
||
| 999 |
_c143057 _d143057 |
||